Science Quiz

Random Science or Math Quiz

Criteria Numbers (20-30) Quiz Stats

 Plays Quiz Updated Jul 27, 2017

Support Sporcle.
Go Orange.
Score 0/11 Timer 05:00
0 Plays Today
% Correct
???
100%
???
89.6%
???
78.8%
???
76.8%
???
58.8%
???
46.3%
???
41.8%
???
27.6%
???
21.3%
???
15.3%
???
15.3%

You're not logged in!

Compare scores with friends on all Sporcle quizzes.
OR
Log In
Forgot?

From the Vault

NFL Active Passing Yards Leaders

by whodeyreds90

Finally, a quiz where this guy doesn't get overshadowed by his brother.
Remove Ads.
Support Sporcle.
Get the best of Sporcle when you Go Orange. This ad-free experience offers more features, more stats, and more fun while also helping to support Sporcle. Thank you for becoming a member.

Show Comments

Extras

Top Quizzes Today


Score Distribution

Your Account Isn't Verified!

In order to create a playlist on Sporcle, you need to verify the email address you used during registration. Go to your Sporcle Settings to finish the process.

Report this User

Report this user for behavior that violates our Community Guidelines.

Details: